[Event "16PCR_ZK05"]
[Site "?"]
[Date "2005.??.??"]
[Round "?"]
[White "Houdek, Vladimir"]
[Black "Masek, Frantisek"]
[Result "1-0"]
[WhiteElo "2151"]
[BlackElo "1780"]
[PlyCount "65"]
[EventDate "2005.??.??"]
[EventType "corr"]
[EventRounds "2"]
[SourceDate "2005.02.23"]

1. Nf3 d5 2. d4 e6 3. g3 Nf6 4. Bg2 Bd6 5. O-O O-O 6. c4 dxc4 7. Qc2 Nbd7 8.
Nbd2 b5 9. a4 c6 10. Ng5 Rb8 11. Bxc6 a6 12. axb5 axb5 13. Nde4 Nxe4 14. Bxe4
g6 15. b3 Be7 16. Nf3 Nf6 17. Bf4 Rb6 18. bxc4 Nxe4 19. c5 Ra6 20. Rxa6 Nxg3
21. hxg3 Bxa6 22. Ra1 Qc8 23. Bh6 Rd8 24. c6 b4 25. c7 Re8 26. Ne5 Bd6 27. Ng4
Re7 28. Rxa6 Rxc7 29. Qa4 Rb7 30. Rxd6 b3 31. Qa5 Rc7 32. Qe5 f5 33. Rc6 1-0

[Event "16PCR_ZK05"]
[Site "?"]
[Date "2005.??.??"]
[Round "?"]
[White "Houdek, Vladimir"]
[Black "Mikolas, Jan"]
[Result "1/2-1/2"]
[WhiteElo "2151"]
[BlackElo "1992"]
[PlyCount "107"]
[EventDate "2005.??.??"]
[EventType "corr"]
[EventRounds "2"]
[SourceDate "2005.02.23"]

1. Nf3 c5 2. c4 Nf6 3. Nc3 Nc6 4. d4 cxd4 5. Nxd4 g6 6. e4 Bg7 7. Be3 O-O 8.
Be2 b6 9. O-O Bb7 10. f3 Nxd4 11. Bxd4 Rc8 12. e5 Ne8 13. Qa4 a6 14. Qb4 Nc7
15. Rad1 Bc6 16. f4 b5 17. Bb6 Rb8 18. Qa5 Rb7 19. cxb5 axb5 20. Bxc7 Qxc7 21.
Qxc7 Rxc7 22. Nxb5 Rb7 23. a4 g5 24. g3 gxf4 25. gxf4 Kh8 26. Bc4 f6 27. b3
fxe5 28. fxe5 Rxf1+ 29. Rxf1 Bxe5 30. Rf8+ Kg7 31. Rf7+ Kh6 32. Rxe7 Bf6 33.
Re8 Bxb5 34. Bxb5 d5 35. Re6 Kg5 36. Rd6 d4 37. Bc4 Be5 38. Rd5 Kf4 39. a5 Rg7+
40. Kh1 Ke4 41. a6 Bf4 42. Rd8 Be3 43. Rg8 Rd7 44. Bb5 Ra7 45. Kg2 Bf4 46. Re8+
Kd5 47. Bc4+ Kc5 48. h3 Kb4 49. Kf3 Bc7 50. Ke4 Kc3 51. Rf8 Bb6 52. Rf3+ Kb4
53. Kd3 Re7 54. Rf5 1/2-1/2

[Event "16PCR_ZK05"]
[Site "?"]
[Date "2005.??.??"]
[Round "?"]
[White "Masek, Frantisek"]
[Black "Pressl, Ladislav"]
[Result "1-0"]
[WhiteElo "1780"]
[BlackElo "1918"]
[PlyCount "59"]
[EventDate "2005.??.??"]
[EventType "corr"]
[EventRounds "2"]
[SourceDate "2005.02.23"]

1. e4 c5 2. Nc3 e6 3. Nf3 d6 4. d4 cxd4 5. Nxd4 Nf6 6. Be3 Nc6 7. Bb5 Bd7 8.
O-O Be7 9. f4 O-O 10. Qe2 d5 11. exd5 exd5 12. Rae1 Re8 13. Qd2 Nxd4 14. Bxd7
Nb3 15. axb3 Qxd7 16. Bd4 b6 17. Bxf6 Bxf6 18. Nxd5 Kh8 19. Rd1 Red8 20. Qc1
Qf5 21. c4 a6 22. Qe3 Rab8 23. Nxb6 Bxb2 24. Rxd8+ Rxd8 25. Re1 h6 26. Nd5 Qh5
27. Qd2 Ba3 28. Qa5 Rxd5 29. cxd5 Bb2 30. Qxa6 1-0

[Event "16PCR_ZK05"]
[Site "?"]
[Date "2005.??.??"]
[Round "?"]
[White "Masek, Frantisek"]
[Black "Vins, Karel"]
[Result "1-0"]
[WhiteElo "1780"]
[BlackElo "1621"]
[PlyCount "59"]
[EventDate "2005.??.??"]
[EventType "corr"]
[EventRounds "2"]
[SourceDate "2005.02.23"]

1. Nf3 Nf6 2. d4 d5 3. c4 dxc4 4. e3 e6 5. Bxc4 Nbd7 6. O-O c6 7. Nc3 Qc7 8. e4
Be7 9. Qb3 Nb6 10. Bd3 O-O 11. Ne2 Re8 12. Bf4 Qd8 13. Rac1 h6 14. Rfe1 Nh5 15.
Bd2 a5 16. a3 Bf8 17. Be3 Nd7 18. e5 g5 19. Rc3 Ng7 20. Rec1 Be7 21. Ng3 Nf8
22. Qc2 Kh8 23. Be4 f5 24. exf6 Bxf6 25. Ne5 Bxe5 26. dxe5 Re7 27. Bc5 Rd7 28.
Rf3 Kg8 29. Rxf8+ Qxf8 30. Bh7+ 1-0

[Event "16PCR_ZK05"]
[Site "?"]
[Date "2005.??.??"]
[Round "?"]
[White "Masek, Frantisek"]
[Black "Mikolas, Jan"]
[Result "0-1"]
[WhiteElo "1780"]
[BlackElo "1992"]
[PlyCount "98"]
[EventDate "2005.??.??"]
[EventType "corr"]
[EventRounds "2"]
[SourceDate "2005.02.23"]

1. d4 d5 2. Nf3 Nf6 3. c4 e6 4. Bg5 Be7 5. cxd5 exd5 6. e3 Nbd7 7. Bd3 h6 8.
Bh4 g5 9. Bg3 Nh5 10. Nc3 Nxg3 11. hxg3 c6 12. Qc2 Bf6 13. O-O-O Nb6 14. Nd2
Bg4 15. Rde1 Bg7 16. Nb3 Qc7 17. Bf5 Bxf5 18. Qxf5 Qd7 19. Qxd7+ Kxd7 20. Rh2
Rae8 21. Nc5+ Kc7 22. Reh1 f5 23. Nd3 Re7 24. b3 Rhe8 25. Kd2 Nd7 26. b4 Nf6
27. b5 Ne4+ 28. Nxe4 fxe4 29. Nb4 Rf7 30. bxc6 Rxf2+ 31. Ke1 Rb2 32. Nxd5+ Kxc6
33. Nc3 Rc2 34. Rxh6+ Bxh6 35. Rxh6+ Kd7 36. Nd5 Re6 37. Nf6+ Kc8 38. Rh8+ Kc7
39. Nd5+ Kd7 40. a3 Rd6 41. Rh7+ Ke8 42. Nc7+ Kf8 43. Nb5 Rc1+ 44. Kf2 Rf6+ 45.
Ke2 Rfc6 46. Rc7 Rxc7 47. Nxc7 Rxc7 48. a4 Rc2+ 49. Kf1 Ra2 0-1

[Event "16PCR_ZK05"]
[Site "?"]
[Date "2005.??.??"]
[Round "?"]
[White "Masek, Frantisek"]
[Black "Ptacek, Jiri"]
[Result "0-1"]
[WhiteElo "1780"]
[BlackElo "1699"]
[PlyCount "57"]
[EventDate "2005.??.??"]
[EventType "corr"]
[EventRounds "2"]
[SourceDate "2005.02.23"]

1. d4 d5 2. Nc3 Nf6 3. e4 Nxe4 4. Nxe4 dxe4 5. f3 exf3 6. Nxf3 Bg4 7. Bc4 e6 8.
O-O Be7 9. c3 O-O 10. Qb3 Bxf3 11. Rxf3 b6 12. Be3 Nd7 13. Raf1 Nf6 14. Rh3 Re8
15. Bb5 Rf8 16. Bc4 c6 17. Bd3 Re8 18. Bg5 Qd5 19. Bxf6 Qxb3 20. Bxh7+ Kf8 21.
Bxe7+ Kxe7 22. axb3 g6 23. Rhf3 Rf8 24. b4 Rad8 25. h4 Rd5 26. Bxg6 Rd7 27.
Bxf7 Kd6 28. g4 Rh8 29. h5 0-1

[Event "16PCR_ZK05"]
[Site "?"]
[Date "2005.??.??"]
[Round "?"]
[White "Mikolas, Jan"]
[Black "Masek, Frantisek"]
[Result "1/2-1/2"]
[WhiteElo "1992"]
[BlackElo "1780"]
[PlyCount "91"]
[EventDate "2005.??.??"]
[EventType "corr"]
[EventRounds "2"]
[SourceDate "2005.02.23"]

1. f4 d5 2. Nf3 Nf6 3. e3 e6 4. d4 c5 5. Bd3 Nc6 6. O-O Qb6 7. c3 Bd6 8. Ne5
O-O 9. Nd2 Qc7 10. Ndf3 b6 11. b3 cxd4 12. Nxc6 Qxc6 13. cxd4 Qc3 14. Rb1 Qc7
15. Bb2 Bb7 16. Rc1 Qe7 17. Ne5 Rfc8 18. Qe2 Rab8 19. Ba6 Ne4 20. Bxb7 Qxb7 21.
a3 f6 22. Nd3 a5 23. a4 b5 24. Nf2 bxa4 25. Rxc8+ Rxc8 26. bxa4 Nxf2 27. Rxf2
f5 28. Qb5 Qxb5 29. axb5 Rb8 30. Ba1 Rxb5 31. Ra2 Kf7 32. Bc3 Bc7 33. Kf2 Kf6
34. h3 g5 35. fxg5+ Kxg5 36. Kf3 Kh6 37. Be1 Kg6 38. Bg3 Bxg3 39. Kxg3 Kg5 40.
h4+ Kf6 41. Kf4 h6 42. g4 fxg4 43. Kxg4 Kg6 44. Kf4 Kh5 45. Ra1 Rb2 46. Rxa5
1/2-1/2

[Event "16PCR_ZK05"]
[Site "?"]
[Date "2005.??.??"]
[Round "?"]
[White "Ptacek, Jiri"]
[Black "Masek, Frantisek"]
[Result "1-0"]
[WhiteElo "1699"]
[BlackElo "1780"]
[PlyCount "54"]
[EventDate "2005.??.??"]
[EventType "corr"]
[EventRounds "2"]
[SourceDate "2005.02.23"]

1. e4 c5 2. Nf3 Nc6 3. d4 cxd4 4. Nxd4 Nf6 5. Nxc6 bxc6 6. Bd3 e5 7. O-O Bc5 8.
Nd2 d6 9. h3 O-O 10. Nf3 Rb8 11. c3 Qe7 12. b4 Bb6 13. Re1 a5 14. a3 Bb7 15.
Be3 Bxe3 16. Rxe3 Ra8 17. Re1 Ra7 18. bxa5 Rxa5 19. Qd2 Rfa8 20. Qb2 Nh5 21. g3
Nf6 22. Ra2 Bc8 23. Kg2 Be6 24. Raa1 Qa7 25. Reb1 Bxh3+ 26. Kxh3 Ne8 27. Kg2
Qc5 1-0

[Event "16PCR_ZK05"]
[Site "?"]
[Date "2005.??.??"]
[Round "?"]
[White "Ptacek, Jiri"]
[Black "Vins, Karel"]
[Result "0-1"]
[WhiteElo "1699"]
[BlackElo "1621"]
[PlyCount "136"]
[EventDate "2005.??.??"]
[EventType "corr"]
[EventRounds "2"]
[SourceDate "2005.02.23"]

1. e4 e5 2. Nf3 Nc6 3. d4 exd4 4. Nxd4 Bc5 5. Be3 Qf6 6. c3 Nge7 7. b4 Bxd4 8.
Bxd4 Nxd4 9. Qxd4 Qxd4 10. cxd4 Nc6 11. Na3 Nxd4 12. Bd3 a6 13. Nc2 Nxc2+ 14.
Bxc2 d6 15. O-O O-O 16. a4 Be6 17. Rfe1 c5 18. bxc5 dxc5 19. f3 b5 20. axb5
axb5 21. Rab1 Rab8 22. Rec1 b4 23. Kf2 c4 24. g4 Rfc8 25. e5 b3 26. Bf5 c3 27.
Bxe6 fxe6 28. Ke2 c2 29. Rb2 Rc5 30. f4 Rcb5 31. h4 Rb4 32. Ke3 g6 33. g5 R8b7
34. Rf1 Rd7 35. Ke2 Kf7 36. Rh1 Rxf4 37. Rxb3 Rc7 38. Rc1 Rxh4 39. Rf3+ Ke7 40.
Kd3 Rh2 41. Re3 Rd7+ 42. Kc3 Rc7+ 43. Kb2 Rb7+ 44. Rb3 Rc7 45. Rc3 Rxc3 46.
Kxc3 Kd7 47. Rf1 Kc6 48. Ra1 Kd5 49. Re1 c1=Q+ 50. Rxc1 Kxe5 51. Kd3 Rh4 52.
Rc5+ Kf4 53. Rc6 Kxg5 54. Rxe6 Rf4 55. Ke3 Rf7 56. Re5+ Kh6 57. Re6 Kh5 58.
Re5+ g5 59. Ke4 Kh4 60. Kd5 h5 61. Ke6 Rf3 62. Re1 g4 63. Rh1+ Kg5 64. Ke5 h4
65. Ke4 h3 66. Rh2 Kh4 67. Rh1 Rf2 68. Ke3 Kg3 0-1